000 00395nam a2200157 a 4500
005 20140414093840.0
008 071008s19uu xx 00 eng d
050 _aDVD 530
_bGRE
245 _aGreatest discoveries with Bill Nye :
_bbiology.
260 _aSl :
_bDiscovery.
300 _a1 videodisk
650 _aBiology.
650 _aEducational video.
942 _cAVM
999 _c109275
_d109275